| 000 | 01335cam a2200349 a 4500 | ||
|---|---|---|---|
| 001 | 709759 | ||
| 003 | 000034 | ||
| 005 | 20220326193245.0 | ||
| 008 | 970924s1998 nyu b 001 0 eng | ||
| 010 | _a 97032058 | ||
| 020 | _a0415920353 (cloth : alk. paper) | ||
| 020 | _a0415920361 (paper : alk. paper) | ||
| 040 |
_aDLC _cDLC _dDLC |
||
| 050 | 0 | 0 |
_aBD450 _b.B355 1998 |
| 082 | 0 | 0 |
_a110.82 _bB335p _221 |
| 100 | 1 |
_aBattersby, Christine, _d1946- _9101 |
|
| 245 | 1 | 4 |
_aThe phenomenal woman : _bfeminist metaphysics and the patterns of identity / _cChristine Battersby. |
| 260 |
_aNew York : _bRoutledge, _c1998. |
||
| 300 |
_axii, 236 p. ; _c23 cm. |
||
| 504 | _aIncludes bibliographical references (p. [215]-222) and index. | ||
| 600 |
_aChristine Battersby _9102 |
||
| 650 | 0 |
_aWoman (Philosophy) _9103 |
|
| 650 | 0 |
_aMujer (filosofía) _9104 |
|
| 650 | 0 |
_aBirth (Philosophy) _9105 |
|
| 650 | 0 |
_aSelf (Philosophy) _9106 |
|
| 650 | 0 |
_aFeminist theory. _9107 |
|
| 650 | 0 |
_aMetafísica femenina _9108 |
|
| 650 | 0 |
_aTeoría feminista / género _9109 |
|
| 856 | 4 | 2 |
_3Publisher description _uhttp://www.loc.gov/catdir/enhancements/fy0651/97032058-d.html |
| 906 |
_a7 _bcbc _corignew _d1 _eocip _f19 _gy-gencatlg |
||
| 999 |
_c17 _d17 |
||